Vlastivedný sborník Považia

Bibliographic Details
Previous Title:Vlastivedný sborník Žilinského kraja
Other Authors: Mrva, Marián, 1958- (Compiler), Schubert, Boris (Compiler), Kristenová, Vlasta, 1908-1991 (Compiler), Badík, Milan (Compiler), Kalina, František, 1919-1992 (Publishing director), Kortman, Bohuslav (Publishing director)
Format: Serial
Language:Slovak
Czech
PhysicalDescription:zv. fotogr., mp., tab. 24 cm
Published: Banská Bystrica Stredoslovenské vydavateľstvo 1961-
Martin Osveta
Žilina Považské múzeum
ISBN:8088877296 (brož. : XXI/2002)
8088877393 (brož. : XXII/2004)
808887744X (brož. : XXIII/2006)
8021703512 (brož. : XVI/1991)
8096718304 (brož. : XVII/1994)
8088877008 (brož. : XVIII/1996)
9788088877523 (brož. : XXIV/2009)
9788088877561 (brož. : XXV/2011)
9788088877677 (brož. : XXVI/2013)
808887713X (brož. : XIX/1998)
8088877202 (brož. : XX/2000)
9788088877738 (brož. : XXVII/2015)
9788088877806 (brož. : XXVIII/2017)
9788088877851 (brož. : XXIX/2019)
9788088877936 (viaz. : XXX/2021)
9788088877981 (brož. : XXXI/2023)
ISSN:0507-1984
Series:Považie
Subjects:

MARC

LEADER 00000cas a2200000 a 4500
001 vtls001474417
003 SK-MaSNL
005 20260228160911.0
008 040505c19619999xo gr 0 0b0slo
015 |a SNBB2005/04-00999 (č. XXI/2002)  |a SNBB2005/04-01000 (č. XXII/2004)  |a SNBB2007/03-00820 (č. XXIII/2006)  |a SNBB2012/03-01068 (č. XXIV/2009)  |a SNBB2012/03-01069 (č. XXV/2011)  |a SNBB2014-(č. XXVI/2013)  |a SNBB2016-(č. XXVII/2015)  |a SNBB2016-(č. XXVIII/2017)  |a SNBB2020-(č. XXIX/2019)  |a SNBB2022-(č. XXX/2021)  |a SNBB2024-(č. XXXI/2023) 
015 |a SNBA1995/02 (č. XVII/1994)  |a SNBA1997/0701924 (č. XVIII/1996)  |a SNBA 2000/04-01305 (č. XIX/1998)  |a 2002/05-01786 (XX/2000) 
020 |a 8088877296 (brož. : XXI/2002) 
020 |a 8088877393 (brož. : XXII/2004) 
020 |a 808887744X (brož. : XXIII/2006) 
020 |a 8021703512 (brož. : XVI/1991) 
020 |a 8096718304 (brož. : XVII/1994) 
020 |a 8088877008 (brož. : XVIII/1996) 
020 |a 9788088877523 (brož. : XXIV/2009) 
020 |a 9788088877561 (brož. : XXV/2011) 
020 |a 9788088877677 (brož. : XXVI/2013) 
020 |a 808887713X (brož. : XIX/1998) 
020 |a 8088877202 (brož. : XX/2000) 
020 |a 9788088877738 (brož. : XXVII/2015) 
020 |a 9788088877806 (brož. : XXVIII/2017) 
020 |a 9788088877851 (brož. : XXIX/2019) 
020 |a 9788088877936 (viaz. : XXX/2021) 
020 |a 9788088877981 (brož. : XXXI/2023) 
022 |a 0507-1984 
035 |a SNK000429718 
040 |a SNK  |b slo  |c SNK  |d SAVUK  |d SNK  |e AACR2 
041 0 |a slo  |a cze  |b eng  |b slo  |b ger  |b rus 
043 |a e-xo--- 
044 |a xo  |c SK 
072 7 |a 908  |x Štúdium oblastí a lokalít všeobecne  |2 konspekt 
072 7 |a 913  |x Regionálna geografia  |2 konspekt 
080 |a (066)  |2 2011 
080 |a 908  |2 2011 
080 |a (437.6)  |2 2011 
080 |a 913  |2 2011 
080 |a 050  |2 2011 
210 0 |a Vlastived. sb. Považia 
222 0 |a Vlastivedný sborník Považia 
245 0 0 |a Vlastivedný sborník Považia 
246 1 4 |a Vlastivedný zborník Považia ...  |f 1969- 
260 |a Banská Bystrica  |b Stredoslovenské vydavateľstvo  |c 1961- 
260 2 |3 1970-1991  |a Martin  |b Osveta 
260 3 |3 1994-  |a Žilina  |b Považské múzeum 
300 |a zv.  |b fotogr., mp., tab.  |c 24 cm 
310 |a 1x za 2 roky  |b 1994- 
321 |a Nepravidelne 
362 0 |a IV (1961)- 
490 1 |a Považie 
500 |a Popis podľa: XXI (2002) 
500 |a Zostavil:IV (1961)-?, Vlasta Kristenová ; XII (1976)-?, Milan Badík ; XVII (1994)-XXIII (2006), Marián Mrva 
500 |a Zostavovateľ a zodp. red.: XXIV (2009)-XXV (2011), Boris Schubert ; zodp. red. XXVI (2013), Ladislav Cimerák ; XXVII (2015), Monika Hriníková, Zuzana Kmeťová 
500 |a Zodp. red.: IV (1961)-IX (1968), Miloš Štilla ; XXVIII (2017),XXIX (2019), XXX (2021)-XXXI (2023), Michal Jurecký 
500 |a Šéfredaktor: X (1970)-?, František Kalina ; XV (1985)-?, Bohuslav Kortman 
500 |a Súčasťou názvu je poradové číslo zborníka 
504 |a Bibliogr. odkazy ; pozn. 
546 |a Čiast. text aj čes. ; res. slov., angl., rus. alebo nem. 
650 0 7 |a regionálna geografia  |2 SNKPH  |9 822 
650 0 7 |a Regional geography  |2 SNKPHeng  |9 267552 
650 0 7 |a vlastiveda  |2 SNKPH  |9 3887 
650 0 7 |a History and geography  |2 SNKPHeng  |9 265657 
651 7 |a Považie (Slovensko : región)  |2 SNKPHgeo  |9 169105 
651 7 |a Považie (Slovakia : region)  |2 SNKPHeng  |9 169103 
655 7 |a zborníky  |2 SNKPH  |9 70165 
655 7 |a Papers of several authors  |2 SNKPHeng  |9 153738 
700 1 |a Mrva, Marián,  |d 1958-  |4 com  |9 165312 
700 1 |a Schubert, Boris  |4 com  |4 lso  |9 266530 
700 1 |a Cimerák, Ladislav  |4 lso  |9 267553 
700 1 |a Kristenová, Vlasta,  |d 1908-1991  |4 com  |9 48692 
700 1 |a Badík, Milan  |4 com  |9 267554 
700 1 |a Kalina, František,  |d 1919-1992  |4 pbd  |9 38747 
700 1 |a Kortman, Bohuslav  |4 pbd  |9 267555 
700 1 |a Hriníková, Mária  |4 lso  |9 267556 
700 1 |a Kmeťová, Zuzana  |4 lso  |9 267557 
700 1 |a Jurecký, Michal  |4 lso  |9 110067 
780 0 0 |t Vlastivedný sborník Žilinského kraja  |w vtls010149457 
830 0 |a Považie  |9 267558 
910 |a snk 
910 |a savuk 
916 |a 1961-1962, 1964-1966, 1968, 1970, 1972, 1976, 1978, 1980, 1985, 1991, 1994, 1996, 1998, 2000, 2002, 2004, 2006, 2009, 2011, 2013, 2015, 2017, 2019, 2021 
919 |a 80-88877-29-6 
919 |a 80-88877-39-3 
919 |a 80-88877-44-X 
919 |a 80-217-0351-2 
919 |a 80-967183-0-4 
919 |a 80-88877-00-8 
919 |a 978-80-88877-52-3 
919 |a 978-80-88877-56-1 
919 |a 978-80-88877-67-7 
919 |a 80-88877-13-X 
919 |a 978-80-88877-73-8 
919 |a 978-80-88877-80-6 
919 |a 978-80-88877-85-1 
919 |a 978-80-88877-93-6 
919 |a 80-88877-20-2 
919 |a 978-80-88877-98-1 
958 |a NB 
999 |c 3869  |d 5799 
952 |0 0  |1 0  |4 0  |7 0  |8 0  |a SNK  |b SNK  |d 1997-03-17  |i snkKSP 2924/97  |l 0  |o snkČSC 736/18/1996 D1  |p 17A0055340  |r 2005-01-02 00:00:00  |w 2026-02-21  |y PREZ 
952 |0 0  |1 0  |4 0  |7 0  |a SNK  |b SNK  |d 1997-06-27  |l 0  |o snkČSC 736/16/1991 D1  |p 17A0074020  |r 2004-12-31 00:00:00  |w 2026-02-21  |y PREZ 
952 |0 0  |1 0  |4 0  |7 0  |a SNK  |b SNK  |d 1997-06-27  |f 1  |i snkKSP 600/67  |l 0  |o snkČSC 736/8/1966  |p 17A0074084  |r 2005-01-02 00:00:00  |w 2026-02-21  |y PREZ 
952 |0 0  |1 0  |4 0  |7 0  |a SNK  |b SNK  |d 2001-03-17  |l 0  |o snkČSC 736/8/1966 D1  |p 17A0294955  |r 2005-01-02 00:00:00  |w 2026-02-21  |y PREZ 
952 |0 0  |1 0  |4 0  |7 0  |a SNK  |b SNK  |d 1997-06-27  |f 1  |i snkKSP 1843/65  |l 0  |o snkČSC 736/6/1964  |p 17A0074075  |r 2005-01-02 00:00:00  |w 2026-02-21  |y PREZ 
952 |0 0  |1 0  |4 0  |7 0  |a SNK  |b SNK  |d 1997-06-27  |f 1  |i snkKSP 5236/68  |l 0  |o snkČSC 736/9/1968  |p 17A0074028  |r 2005-01-02 00:00:00  |w 2026-02-21  |y PREZ 
952 |0 0  |1 0  |4 0  |7 0  |a SNK  |b SNK  |d 2001-03-17  |l 0  |o snkČSC 736/9/1968 D1  |p 17A0294956  |r 2005-01-02 00:00:00  |w 2026-02-21  |y PREZ 
952 |0 0  |1 0  |4 0  |7 0  |a SNK  |b SNK  |d 1997-06-27  |f 1  |i snkKSP 4933/76  |l 0  |o snkČSC 736/12/1976  |p 17A0074002  |r 2005-01-02 00:00:00  |w 2026-02-21  |y PREZ 
952 |0 0  |1 0  |4 0  |7 0  |a SNK  |b SNK  |d 2001-03-17  |l 0  |o snkČSC 736/12/1976 D1  |p 17A0294959  |r 2005-01-02 00:00:00  |w 2026-02-21  |y PREZ 
952 |0 0  |1 0  |4 0  |7 0  |a SNK  |b SNK  |d 1997-06-27  |f 1  |i snkKSP 4025/72  |l 0  |o snkČSC 736/11/1972  |p 17A0074031  |r 2005-01-02 00:00:00  |w 2026-02-21  |y PREZ 
952 |0 0  |1 0  |4 0  |7 0  |a SNK  |b SNK  |d 2001-01-04  |l 0  |o snkČSC 736/11/1972 D1  |p 17A0263584  |r 2005-01-02 00:00:00  |w 2026-02-21  |y PREZ 
952 |0 0  |1 0  |4 0  |7 0  |a SNK  |b SNK  |d 1997-06-27  |f 1  |i snkKSP 8179/70  |l 0  |o snkČSC 736/10/1970  |p 17A0074018  |r 2005-01-02 00:00:00  |w 2026-02-21  |y PREZ 
952 |0 0  |1 0  |4 0  |7 0  |a SNK  |b SNK  |d 2000-02-10  |f 1  |i snkKSP 1801/2000  |l 0  |o snkČSC 736/19/1998  |p 17A0228298  |r 2005-01-02 00:00:00  |w 2026-02-21  |y PREZ 
952 |0 0  |1 0  |4 0  |7 0  |a SNK  |b SNK  |d 2000-02-10  |i snkKSP 1802/2000  |l 0  |o snkČSC 736/19/1998 D1  |p 17A0228299  |r 2005-01-02 00:00:00  |w 2026-02-21  |y PREZ 
952 |0 0  |1 0  |4 0  |7 0  |a SNK  |b SNK  |d 2004-05-05  |i snkPV 585/2004  |l 0  |o snkČSC 736/21/2002 D1  |p 17A0416373  |r 2005-01-02 00:00:00  |w 2026-02-21  |y PREZ 
952 |0 0  |1 0  |4 0  |7 0  |a SNK  |b SNK  |d 2004-05-05  |f 1  |i snkPV 586/2004  |l 0  |o snkČSC 736/21/2002  |p 17A0416374  |r 2005-01-02 00:00:00  |w 2026-02-21  |y PREZ 
952 |0 0  |1 0  |4 0  |7 0  |8 0  |a SNK  |b SNK  |d 2024-05-07  |i snk2024/7344  |l 0  |o snkČSC 736/31/2023  |p 17A1522333  |r 2026-02-21 19:48:29  |w 2026-02-21  |y PREZ 
952 |0 0  |1 0  |4 0  |7 0  |8 0  |a SNK  |b SNK  |d 2024-05-07  |i snk2024/7345  |l 0  |o snkČSC 736/31/2023 D1  |p 17A1522334  |r 2026-02-21 19:48:29  |w 2026-02-21  |y PREZ 
952 |0 0  |1 0  |4 0  |7 0  |a SNK  |b SNK  |d 2001-01-04  |l 0  |o snkČSC 736/10/1970 D1  |p 17A0263585  |r 2005-01-02 00:00:00  |w 2026-02-21  |y PREZ 
952 |0 0  |1 0  |4 0  |7 0  |a SNK  |b SNK  |d 1998-02-17  |f 1  |i snkKSP 7331/91  |l 0  |o snkČSC 736/16/1991  |p 17A0123080  |r 2004-12-31 00:00:00  |w 2026-02-21  |y PREZ 
952 |0 0  |1 0  |4 0  |7 0  |8 0  |a SNK  |b SNK  |d 2022-07-07  |f 1  |i snk2022/11030  |l 0  |o snkČSC 736/30/2021  |p 17A1462356  |r 2026-02-21 20:09:39  |w 2026-02-21  |y PREZ  |z Vydané pri príležitosti 700. výročia udelenia výsad Žiline kráľom Karolom Róbertom v roku 1321, monotematicky zamerané, obsahuje príspevky z konferencie Žilina 1321-2021 konanej v Žiline 17.6.2021 
952 |0 0  |1 0  |4 0  |7 0  |8 0  |a SNK  |b SNK  |d 2022-07-07  |i snk2022/11031  |l 0  |o snkČSC 736/30/2021 D1  |p 17A1462357  |r 2026-02-21 20:09:39  |w 2026-02-21  |y PREZ  |z Vydané pri príležitosti 700. výročia udelenia výsad Žiline kráľom Karolom Róbertom v roku 1321, monotematicky zamerané, obsahuje príspevky z konferencie Žilina 1321-2021 konanej v Žiline 17.6.2021 
952 |0 0  |1 0  |4 0  |7 0  |8 0  |a SNK  |b SNK  |d 2007-04-30  |f 1  |i snk2007/11428  |l 0  |o snkČSC 736/23/2006  |p 17A0548368  |r 2026-02-21 20:14:27  |w 2026-02-21  |y PREZ 
952 |0 0  |1 0  |4 0  |7 0  |8 0  |a SNK  |b SNK  |d 2007-04-30  |i snk2007/11429  |l 0  |o snkČSC 736/23/2006 D1  |p 17A0548369  |r 2026-02-21 20:14:27  |w 2026-02-21  |y PREZ 
952 |0 0  |1 0  |4 0  |7 0  |8 1  |a SNK  |b SNK  |d 2007-11-20  |i snk2007/25341  |l 0  |o snkČSC 736/7/1965 D1  |p 17A0563239  |r 2026-02-21 20:21:05  |w 2026-02-21  |y PREZ 
952 |0 0  |1 0  |4 0  |7 0  |a SNK  |b SNK  |d 1998-02-17  |l 0  |o snkČSC 736/17/1994 D1  |p 17A0123065  |r 2004-12-31 00:00:00  |w 2026-02-21  |y PREZ 
952 |0 0  |1 0  |4 0  |7 0  |a SNK  |b SNK  |d 2001-08-21  |f 1  |i snkKSP 1734/95  |l 0  |o snkČSC 736/17/1994  |p 17A0311933  |r 2004-12-31 00:00:00  |w 2026-02-21  |y PREZ 
952 |0 0  |1 0  |4 0  |7 0  |8 0  |a SNK  |b SNK  |d 2012-09-07  |f 1  |i snk2012/17301  |l 0  |o snkČSC 736/24/2009  |p 17A0866278  |r 2026-02-21 20:30:30  |w 2026-02-21  |y PREZ 
952 |0 0  |1 0  |4 0  |7 0  |8 0  |a SNK  |b SNK  |d 2012-09-07  |i snk2012/17302  |l 0  |o snkČSC 736/24/2009 D1  |p 17A0866279  |r 2026-02-21 20:30:30  |w 2026-02-21  |y PREZ 
952 |0 0  |1 0  |4 0  |7 0  |8 0  |a SNK  |b SNK  |d 2012-09-13  |f 1  |i snk2012/17894  |l 0  |o snkČSC 736/25/2011  |p 17A0866296  |r 2026-02-21 20:30:39  |w 2026-02-21  |y PREZ 
952 |0 0  |1 0  |4 0  |7 0  |8 0  |a SNK  |b SNK  |d 2012-09-13  |i snk2012/17895  |l 0  |o snkČSC 736/25/2011 D1  |p 17A0866297  |r 2026-02-21 20:30:39  |w 2026-02-21  |y PREZ 
952 |0 0  |1 0  |4 0  |7 0  |a SNK  |b SNK  |d 1997-06-27  |l 0  |o snkČSC 736/15/1985 D1  |p 17A0074019  |r 2004-12-31 00:00:00  |w 2026-02-21  |y PREZ 
952 |0 0  |1 0  |4 0  |7 0  |a SNK  |b SNK  |d 2000-11-25  |f 1  |i snkKSP 1759/86  |l 0  |o snkČSC 736/15/1985  |p 17A0152281  |r 2004-12-31 00:00:00  |w 2026-02-21  |y PREZ 
952 |0 0  |1 0  |4 0  |7 0  |a SNK  |b SNK  |d 1997-06-16  |f 1  |i snkKSP 461/81  |l 0  |o snkČSC 736/14/1980  |p 17A0073496  |r 2004-12-31 00:00:00  |w 2026-02-21  |y PREZ 
952 |0 0  |1 0  |4 0  |7 0  |a SNK  |b SNK  |d 1997-06-27  |l 0  |o snkČSC 736/14/1980 D1  |p 17A0074074  |r 2004-12-31 00:00:00  |w 2026-02-21  |y PREZ 
952 |0 0  |1 0  |4 0  |7 0  |a SNK  |b SNK  |d 1997-06-16  |f 1  |i snkKSP 6565/78  |l 0  |o snkČSC 736/13/1978  |p 17A0073488  |r 2004-12-31 00:00:00  |w 2026-02-21  |y PREZ 
952 |0 0  |1 0  |4 0  |7 0  |a SNK  |b SNK  |d 2001-03-17  |l 0  |o snkČSC 736/13/1978 D1  |p 17A0294974  |r 2004-12-31 00:00:00  |w 2026-02-21  |y PREZ 
952 |0 0  |1 0  |4 0  |7 0  |8 0  |a SNK  |b SNK  |d 2014-03-26  |f 1  |i snk2014/7870  |l 0  |o snkČSC 736/26/2013  |p 17A0859254  |r 2026-02-21 20:51:08  |w 2026-02-21  |y PREZ 
952 |0 0  |1 0  |4 0  |7 0  |8 0  |a SNK  |b SNK  |d 2014-03-26  |i snk2014/7871  |l 0  |o snkČSC 736/26/2013 D1  |p 17A0859255  |r 2026-02-21 20:51:08  |w 2026-02-21  |y PREZ 
952 |0 0  |1 0  |4 0  |7 0  |a SNK  |b SNK  |d 2002-03-25  |f 1  |i snkKSP 3284/2002  |l 0  |o snkČSC 736/20/2000  |p 17A0336956  |r 2005-01-02 00:00:00  |w 2026-02-21  |y PREZ 
952 |0 0  |1 0  |4 0  |7 0  |a SNK  |b SNK  |d 2002-03-25  |i snkKSP 3285/2002  |l 0  |o snkČSC 736/20/2000 D1  |p 17A0336957  |r 2005-01-02 00:00:00  |w 2026-02-21  |y PREZ 
952 |0 0  |1 0  |4 0  |7 0  |8 5  |a SNK  |b SNK  |d 2003-01-28  |f 1  |i snkF 15/2003  |l 0  |o snkČSC 736/7/1965  |p 17A0372174  |r 2005-01-02 00:00:00  |w 2026-02-21  |y PREZ 
952 |0 0  |1 0  |4 0  |7 0  |a SNK  |b SNK  |d 1997-03-17  |f 1  |i snkKSP 2923/97  |l 0  |o snkČSC 736/18/1996  |p 17A0075584  |r 2005-01-02 00:00:00  |w 2026-02-21  |y PREZ 
952 |0 0  |1 0  |4 0  |7 0  |a SNK  |b SNK  |d 1997-02-03  |f 1  |i snkKSP 7064/62  |l 0  |o snkČSC 736/5/1962  |p 17A0034600  |r 2005-01-02 00:00:00  |w 2026-02-21  |y PREZ 
952 |0 0  |1 0  |4 0  |7 0  |a SNK  |b SNK  |d 1999-05-31  |l 0  |o snkČSC 736/5/1962 D1  |p 17A0195132  |r 2005-01-02 00:00:00  |w 2026-02-21  |y PREZ 
952 |0 0  |1 0  |4 0  |7 0  |a SNK  |b SNK  |d 1997-02-03  |f 1  |i snkKSP 325/62  |l 0  |o snkČSC 736/4/1961  |p 17A0034599  |r 2005-01-02 00:00:00  |w 2026-02-21  |y PREZ 
952 |0 0  |1 0  |4 0  |7 0  |a SNK  |b SNK  |d 2001-03-17  |l 0  |o snkČSC 736/4/1961 D1  |p 17A0294115  |r 2005-01-02 00:00:00  |w 2026-02-21  |y PREZ 
952 |0 0  |1 0  |4 0  |7 0  |a SNK  |b SNK  |d 1999-10-04  |l 0  |o snkČSC 736/6/1964 D1  |p 17A0213161  |r 2005-01-02 00:00:00  |w 2026-02-21  |y PREZ 
952 |0 0  |1 0  |4 0  |7 0  |8 0  |a SNK  |b SNK  |d 2005-09-13  |f 1  |i snk2005/15349  |l 0  |o snkČSC 736/22/2004  |p 17A0477452  |r 2026-02-21 21:40:27  |w 2026-02-21  |y PREZ 
952 |0 0  |1 0  |4 0  |7 0  |8 0  |a SNK  |b SNK  |d 2005-09-13  |i snk2005/15350  |l 0  |o snkČSC 736/22/2004 D1  |p 17A0477453  |r 2026-02-21 21:40:27  |w 2026-02-21  |y PREZ 
952 |0 0  |1 0  |4 0  |7 0  |8 0  |a SNK  |b SNK  |d 2020-07-09  |f 1  |i snk2020/12355  |l 0  |o snkČSC 736/29/2019  |p 17A1430657  |r 2026-02-21 22:02:01  |w 2026-02-21  |y PREZ 
952 |0 0  |1 0  |4 0  |7 0  |8 0  |a SNK  |b SNK  |d 2020-07-09  |i snk2020/12356  |l 0  |o snkČSC 736/29/2019 D1  |p 17A1430658  |r 2026-02-21 22:02:01  |w 2026-02-21  |y PREZ 
952 |0 0  |1 0  |4 0  |7 0  |8 0  |a SNK  |b SNK  |d 2016-02-24  |f 1  |i snk2016/5266  |l 0  |o snkČSC 736/27/2015  |p 17A1098238  |r 2026-02-21 22:02:20  |w 2026-02-21  |y PREZ 
952 |0 0  |1 0  |4 0  |7 0  |8 0  |a SNK  |b SNK  |d 2016-02-24  |i snk2016/5267  |l 0  |o snkČSC 736/27/2015 D1  |p 17A1098239  |r 2026-02-21 22:02:20  |w 2026-02-21  |y PREZ 
952 |0 0  |1 0  |4 0  |7 0  |8 0  |a SNK  |b SNK  |d 2018-05-24  |f 1  |i snk2018/11454  |l 0  |o snkČSC 736/28/2017  |p 17A1324920  |r 2026-02-21 22:05:49  |w 2026-02-21  |y PREZ 
952 |0 0  |1 0  |4 0  |7 0  |8 0  |a SNK  |b SNK  |d 2018-05-24  |i snk2018/11455  |l 0  |o snkČSC 736/28/2017 D1  |p 17A1324921  |r 2026-02-21 22:05:49  |w 2026-02-21  |y PREZ